000
00324 a2200157 4500
001
188272
020
_a
040
_c
Magnum
100
_a
Alves, Geraldo Magela
240
1
0
_a
Boi bumba bolo
_l
por
245
1
0
_a
Boi bumba bolo
300
_a
22
362
0
_a
2006
697
_a
LITERATURA INFANTO-JUVENIL
942
_c
BK
999
_c
188272
_d
188272